Visualizzazione normale
Vista MARC
- Mssina Diez-Alegria Chiavacci
di Personal Name
Records bibliografici associati: 1
001 - CONTROL NUMBER
- control field: 16855
003 - CONTROL NUMBER IDENTIFIER
- control field: IT-RoPau
005 - DATE AND TIME OF LATEST TRANSACTION
- control field: 20140317152004.0
008 - FIXED-LENGTH DATA ELEMENTS
- fixed length control field: 140317|| aca||aabn | a|a d
040 ## - CATALOGING SOURCE
- Original cataloging agency: IT-RoPau
- Transcribing agency: IT-RoPau
100 ## - HEADING--PERSONAL NAME
- Personal name: Mssina Diez-Alegria Chiavacci
670 ## - SOURCE DATA FOUND
- Source citation: Work cat.: (IT-RoPau)15589: Mssina Diez-Alegria Chiavacci, Rivoluzione: magistero teologia monto contemporaneo, 1970